000
00326nam a22001337a 4500
005
20240705161632.0
008
240705b |||||||| |||| 00| 0 eng d
041
_a
eng
100
_a
UNKALKAR, V.G.
_9
8399
245
_a
QUICK TIPS ON VEDIC MATHS QUIZ
260
_a
BANGALORE
_b
VANDANA PUBLISHERS
300
_a
70;p
942
_c
BK
999
_c
8553
_d
8551